000 01334nam a2200241Ia 4500
999 _c51148
_d51148
001 18106
003 GE_BSU
005 20251029142209.0
008 181216s2003||||ge |||||||||||||| ||geo||
020 _a999407623X
040 _cGE_BSU
041 _ageo
080 _a811.14'04'342 მ-43
100 _aმახარაძე, ნელი
_910460
245 _aბიზანტიური ბერძნულის ფონეტიკის საკითხები. ტ.2 /
_cნელი მახარაძე; საქ. მეცნ. აკად., აღმოსავლეთმცოდნ. ინ-ტი, თსუ, კლასიკ. ფილოლ., ბიზანტინისტიკისა და ნეოგრეცისტიკის ინ-ტი; [რედ. თინათინ ცქიტიშვილი]
264 _aთბილისი :
_bლოგოსი,
_c2003.
300 _a81 გვ.;
_b21 სმ.
504 _aბიბლიოგრაფია ტექსტის შენიშვნებში
541 _h2ლ.
653 _aბიზანტიური ბერძნული ენის ფონეტიკა.
700 _aცქიტიშვილი, თინათინ
_eრედაქტორი
_926127
942 _cBK
_2udc